| 000 | 00361nam a22001337a 4500 | ||
|---|---|---|---|
| 082 |
_a155.4 _bMAN/C |
||
| 100 | _aMANGAL, S K; SHUBHARA MANGAL | ||
| 245 | _aCHILD PSYCHOLOGY& DEVELOPMENT | ||
| 246 |
_aCHILD PSYCHOLOGY& DEVELOPMENT _bCHILD PSYCHOLOGY& DEVELOPMENT |
||
| 260 |
_aNOIDA, INDIA _bSTERLING _c2019 |
||
| 300 | _a517 | ||
| 650 | _aPSYCHOLOGY | ||
| 942 | _cBK | ||
| 999 |
_c8698 _d8698 |
||